01159 2200385 4500001002100000005001500021035002500036007000300061008004100064020002200105040001700127041000800144082001200152084001400164090001800178090001600196090002100212100002500233245019000258250001100448260003400459300004600493504003000539650001900569700002300588700001300611700002200624700001900646850001200665999002100677990002100698990001800719990001800737990001800755INLIS00000000001707120200611015841 a0010-021600000000159ta160203s2014 xx g  a978-979-21-3669-2 aYOPDYOGbind0 aeng04222a420 a420 CHR e aDEP 420 CHE r aK 420 CHE r aCB-D.11 2014-1260 aChristina Kristiyani1 aEnglish book series for elementary school students :brainbow 2 /cChristina Kristiyani...[et.al]; penyunting, Flora Maharani, C. Erni Setiyowati; ilustrasi, Hermawan, Heru Aji Jaladara aCet. 5 aYogyakarta :bKanisius,c2017 axii, 116 halaman :bilustrasi ;c24,5 cm. aBibliografi : halaman 115 4aBahasa Inggris0 aC. Erni Setiyowati0 aHermawan0 aHeru Aji Jaladara0 aFlora Maharani aYOPDYOG aCB-D.11/2014-126 aCB-D.11/2014-126 a29392-PD/B.17 a29393-PD/B.17 a29394-PD/B.17